01568nam a2200373 a 4500001001100000003000800011006001900019007001500038008004100053010001700094020002800111040002100139035002000160050002300180082002000203100003800223245016800261250002500429260003500454300002000489504006400509533015200573600004700725600005900772650004800831650002800879650002600907651004100933655002900974700003201003710001701035856012501052999001701177ebr5002280CaPaEBRm u cr cn|||||||||010220s2001 maub sb 001 0aeng  z 2001001146 z0807085553 (alk. paper) aCaPaEBRcCaPaEBR a(OCoLC)7076798614aPS3053b.A2 2001eb04a818/.303aB2211 aThoreau, Henry David,d1817-1862.10aWalking with Thoreauh[electronic resource] :ba literary guide to the mountains of New England /cwritings by Henry David Thoreau ; commentary by William Howarth. a1st Beacon Press ed. aBoston :bBeacon Press,c2001. a350 p. :bmaps. aIncludes bibliographical references (p. 325-333) and index. aElectronic reproduction.bPalo Alto, Calif. :cebrary,d2013.nAvailable via World Wide Web.nAccess may be limited to ebrary affiliated libraries.10aThoreau, Henry David,d1817-1862vDiaries.10aThoreau, Henry David,d1817-1862xTravelzNew England. 0aAuthors, Americany19th centuryvBiography. 0aMountainszNew England. 0aWalkingzNew England. 0aNew EnglandxDescription and travel. 7aElectronic books.2local1 aHowarth, William L.,d1940-2 aebrary, Inc.40uhttp://site.ebrary.com/lib/rucke/Doc?id=5002280zAn electronic book accessible through the World Wide Web; click to view c16648d16648